Statistics for NFL 200 Yards Rushing in a Game

Click here to take the quiz!

General Stats

  • This quiz has been taken 17,818 times
    (1,453 since last reset)
  • The average score is 31 of 64

Answer Stats

# TimesPlayer% Correct
6Derrick Henry
95%
1Fred Taylor
88%
1Jonathan Taylor
88%
1Josh Jacobs
88%
6Adrian Peterson
87%
2Dalvin Cook
87%
1De'Von Achane
77%
2Le'Veon Bell
76%
4Barry Sanders
75%
1Emmitt Smith
75%
1Todd Gurley
73%
4LaDainian Tomlinson
71%
1Chris Johnson
67%
2Larry Johnson
66%
1LeShon Johnson
66%
1Rudi Johnson
66%
2Frank Gore
61%
5Tiki Barber
60%
3Jamaal Charles
59%
2Shaun Alexander
59%
3Marshall Faulk
58%
1DeAngelo Williams
57%
1LeSean McCoy
57%
2Ricky Williams
57%
1Curtis Martin
56%
2Doug Martin
56%
3Terrell Davis
56%
1Leonard Fournette
55%
1Jerome Bettis
54%
1Fred Jackson
53%
3Jamal Lewis
51%
1DeMarco Murray
49%
3Jay Ajayi
49%
1Arian Foster
48%
2Edgerrin James
48%
1Thomas Jones
47%
1Ahman Green
45%
1Ray Rice
45%
1Thurman Thomas
45%
1Priest Holmes
43%
1Matt Forte
41%
3Corey Dillon
38%
2Clinton Portis
37%
1Jonathan Stewart
36%
1Eddie George
35%
1Mike Anderson
35%
1Alfred Morris
34%
2Michael Turner
30%
2Willie Parker
27%
1Ahmad Bradshaw
26%
1Knowshon Moreno
26%
1Warrick Dunn
26%
1Jonas Gray
22%
1Jerome Harrison
21%
1Reggie Bush
21%
1Thomas Rawls
21%
1Isaiah Crowell
20%
1Beanie Wells
18%
1Derrick Ward
15%
1Duce Staley
15%
1Napoleon Kaufman
15%
1Charlie Garner
14%
1Barry Word
12%
1James Brooks
12%

Score Distribution

Percentile by Number Answered

Percent of People with Each Score

Your Score History

You have not taken this quiz since the last reset